Statistical design for research /

Guardado en:
Autor Principal: Kish, Leslie, 1910-
Formato: Libro
Idioma:English
Publicado: New York : Wiley, c1987.
Series:Wiley series in probability and mathematical statistics. Applied probability and statistics,
Materias:
Acceso en línea:Contributor biographical information
Etiquetas: Agregar Etiqueta
Sin Etiquetas, Sea el primero en etiquetar este registro!
LEADER 01147pam a2200253 a 4500
001 MAT.inmabb004891
008 861017s1987####nyua#####b####001#0#eng##
005 20130226155301.0
245 1 0 |a Statistical design for research /  |c Leslie Kish. 
260 |a New York :  |b Wiley,  |c c1987. 
300 |a xxii, 267 p. :  |b il. ;  |c 24 cm. 
440 0 |a Wiley series in probability and mathematical statistics.  |p Applied probability and statistics,  |x 0271-6356 
504 |a Bibliografía: p. 254-264. 
505 0 |a Representation, randomization, and realism -- Analytical uses of sample surveys -- Designs for comparisons -- Controls for disturbing variables -- Samples and censuses -- Sample designs over time -- Several distinct problems of design. 
510 4 |a MR,  |c 88g:62020 
020 |a 0471083593 
100 1 |a Kish, Leslie,  |d 1910- 
650 0 |a Experimental design. 
650 0 |a Social sciences  |x Statistical methods. 
084 |a 62D05 (62Kxx)  |2 msc2000 
010 |a  86028084  
040 |a DLC  |c DLC  |d DLC 
856 4 2 |3 Contributor biographical information  |u http://www.loc.gov/catdir/bios/wiley042/86028084.html 
859 |h 62  |i K61  |p A-6433  |b BIB. MATEMATICA